<?xml version="1.0" encoding="UTF-8"?>
<collection xmlns="http://www.loc.gov/MARC21/slim">
 <record>
  <leader>04085nam a22004338i 4500</leader>
  <controlfield tag="001">000528344</controlfield>
  <controlfield tag="003">UkCbUP</controlfield>
  <controlfield tag="005">20210415143300.0</controlfield>
  <controlfield tag="006">m|||||o||d||||||||</controlfield>
  <controlfield tag="007">cr||||||||||||</controlfield>
  <controlfield tag="008">101122s1996||||enk     o     ||1 0|eng|d</controlfield>
  <datafield tag="STA" ind1=" " ind2=" ">
   <subfield code="a">NEZPRACOVANÝ IMPORT</subfield>
  </datafield>
  <datafield tag="020" ind1=" " ind2=" ">
   <subfield code="a">9780511895456 (ebook)</subfield>
  </datafield>
  <datafield tag="020" ind1=" " ind2=" ">
   <subfield code="z">9780521571692 (hardback)</subfield>
  </datafield>
  <datafield tag="020" ind1=" " ind2=" ">
   <subfield code="z">9780521063517 (paperback)</subfield>
  </datafield>
  <datafield tag="050" ind1="0" ind2="0">
   <subfield code="a">HG297</subfield>
   <subfield code="b">.M64 1996</subfield>
  </datafield>
  <datafield tag="082" ind1="0" ind2="0">
   <subfield code="a">332.4222</subfield>
   <subfield code="2">22</subfield>
  </datafield>
  <datafield tag="245" ind1="0" ind2="0">
   <subfield code="a">Modern perspectives on the gold standard /</subfield>
   <subfield code="c">edited by Tamim Bayoumi, Barry Eichengreen, Mark P. Taylor.</subfield>
  </datafield>
  <datafield tag="264" ind1=" " ind2="1">
   <subfield code="a">Cambridge :</subfield>
   <subfield code="b">Cambridge University Press,</subfield>
   <subfield code="c">1996.</subfield>
  </datafield>
  <datafield tag="300" ind1=" " ind2=" ">
   <subfield code="a">1 online resource (xvii, 396 pages) :</subfield>
   <subfield code="b">digital, PDF file(s).</subfield>
  </datafield>
  <datafield tag="336" ind1=" " ind2=" ">
   <subfield code="a">text</subfield>
   <subfield code="b">txt</subfield>
   <subfield code="2">rdacontent</subfield>
  </datafield>
  <datafield tag="337" ind1=" " ind2=" ">
   <subfield code="a">computer</subfield>
   <subfield code="b">c</subfield>
   <subfield code="2">rdamedia</subfield>
  </datafield>
  <datafield tag="338" ind1=" " ind2=" ">
   <subfield code="a">online resource</subfield>
   <subfield code="b">cr</subfield>
   <subfield code="2">rdacarrier</subfield>
  </datafield>
  <datafield tag="500" ind1=" " ind2=" ">
   <subfield code="a">Title from publisher's bibliographic system (viewed on 05 Oct 2015).</subfield>
  </datafield>
  <datafield tag="505" ind1="0" ind2=" ">
   <subfield code="a">Modern perspectives on the gold standard: introduction / Tamim Bayoumi, Barry Eichengreen, and Mark P. Taylor -- Unit roots, shocks, and VARs and their place in history: an introductory guide / Terence C. Mills -- The gold standard as a commitment mechanism / Michael D. Bordo and Finn E. Kydland -- Market efficiency and regime efficiency under the 1925-1931 dollar/sterling gold standard / Lawrence H. Officer -- Credibility and fundamentals: were the classical and interwar gold standards well-behaved target zones? / C. Paul Hallwood, Ronald McDonald, and Ian W. Marsh -- The stability of the gold standard and the evolution of the international monetary fund system / Tamim Bayoumi and Barry Eichengreen -- International adjustments under the classical gold standard: evidence from the United States and Britain, 1879-1914 / Charles W. Calomiris and R. Glenn Hubbard -- Balance of payments adjustment under the gold standard policies: Canada and Australia compared / Trevor J.O. Dick, John E. Floyd and David Pope -- Money demand and supply under the gold standard: the United Kingdom, 1870-1914 / Forrest H. Capie and Geoffrey E. Wood -- Stability and forward-looking behavior: the demand for broad money in the United Kingdom, 1871-1913 / Mark P. Taylor and Geoffrey E. Wood -- The dollar/pound real exchange rate and fiscal policy during the gold standard period / Graciela L. Kaminsky and Michael Klein -- Exchange rate dynamics and monetary reforms: theory and evidence from Britain's return to gold / Panos Michael, A. Robert Nobay, and David A. Peel -- Déja vu all over again: lessons from the gold standard for European monetary unification / Barry Eichengreen.</subfield>
  </datafield>
  <datafield tag="520" ind1=" " ind2=" ">
   <subfield code="a">Currency crises in Europe and Mexico during the 1990s provided stark reminders of the importance and the fragility of international financial markets. These experiences led some commentators to conclude that open international capital markets are incompatible with financial stability. But the pre-1914 gold standard is an obvious challenge to the notion that open capital markets are sources of instability. To deepen our understanding of how this system worked, this volume draws together recent research on the gold standard. Theoretical models are used to guide qualitative discussions of historical experience, while econometric methods are used to help the historical data speak clearly. The result is an overview of the gold standard, a survey of the relevant applied research in international macroeconomics, and a demonstration of how the past can help to inform the present.</subfield>
  </datafield>
  <datafield tag="650" ind1=" " ind2="0">
   <subfield code="a">Gold standard.</subfield>
  </datafield>
  <datafield tag="700" ind1="1" ind2=" ">
   <subfield code="a">Bayoumi, Tamim A.,</subfield>
   <subfield code="e">editor.</subfield>
  </datafield>
  <datafield tag="700" ind1="1" ind2=" ">
   <subfield code="a">Eichengreen, Barry J.,</subfield>
   <subfield code="e">editor.</subfield>
  </datafield>
  <datafield tag="700" ind1="1" ind2=" ">
   <subfield code="a">Taylor, Mark P.,</subfield>
   <subfield code="d">1958-</subfield>
   <subfield code="e">editor.</subfield>
  </datafield>
  <datafield tag="776" ind1="0" ind2="8">
   <subfield code="i">Print version:</subfield>
   <subfield code="z">9780521571692</subfield>
  </datafield>
  <datafield tag="856" ind1="4" ind2="0">
   <subfield code="u">https://zdroje.vse.cz/login?url=https://doi.org/10.1017/CBO9780511895456</subfield>
   <subfield code="y">Plný text</subfield>
  </datafield>
  <datafield tag="856" ind1="4" ind2="2">
   <subfield code="u">https://knihovna.vse.cz/zdroje/cambridge-core-books-and-textbooks/?info</subfield>
   <subfield code="y">Informace o práci s e-knihami</subfield>
  </datafield>
  <datafield tag="BAS" ind1=" " ind2=" ">
   <subfield code="a">CAMBRIDGE-EBA</subfield>
  </datafield>
  <datafield tag="BAS" ind1=" " ind2=" ">
   <subfield code="a">EB</subfield>
  </datafield>
  <datafield tag="BAS" ind1=" " ind2=" ">
   <subfield code="a">PhDinfra</subfield>
  </datafield>
  <datafield tag="993" ind1=" " ind2=" ">
   <subfield code="x">NEPOSILAT</subfield>
   <subfield code="y">EB</subfield>
  </datafield>
 </record>
</collection>
